000 01588nam a2200313 a 4500
001 BRCA_5029
005 20190320204918.0
008 031110s1784----mx-######v---#000-0#spa-#
041 _aspa
044 _amx
084 _aDOC94
_b.O95
_c1784
100 1 _aOviedo, María Josefa de
_912842
245 1 0 _aDocumento que constata la legalidad de las propiedades de Doña María Josefa de Oviedo
_cMaria Josefa de Oviedo ; Joaquín García de la Torre.
260 _aMéxico
_c1784
300 _a[60] fojas
_c31 x 22 cm.
500 _aDocumento fechado el 24 de abril de 1784.
500 _aContiene varios documentos que aclaran la legalidad de las propiedades de Doña María Josefa de Oviedo, así como los porcentajes que de la misma correspondencia a los conventos que se mencionan.
500 _aContiene sello con el escudo de casa de Borbón y lema: ´SELLO SEGUNDO. SEIS REALES. AÑOS DE MIL SETECIENTOS OCHENTA Y QUATRO Y OCHENTA Y CINCO´.
500 _aEl documento contiene la leyenda DOC. #254.
500 _aEstado de conservación: contiene graves daños en la parte inferior provocados por insectos y márgenes deteriorados.
506 0 _aFondo Reservado. Para su consulta es necesario credencial de usuario y carta de motivos.
546 _aTexto en: Español de finales del siglo XVIII.
600 1 4 _aOviedo, María Josefa de
_xHistoria
_912843
650 1 4 _aDocumentos legales
_vManuscritos
_zMéxico
_912844
651 4 _aMéxico
_xHistoria
_yColonia, 1521-1821
_912461
700 1 _aGarcía de la torre, Joaquín
_912845
902 _aFDH
942 _2lcc
_cD
999 _c4723
_d4723